[Event "Balatonalmadi Pannonia Cup 23th"]
[Site "Balatonalmadi"]
[Date "2018.07.22"]
[Round "7"]
[White "Kosztolanczi, Gyula"]
[Black "Hortion, Donat"]
[Result "1/2-1/2"]
[WhiteElo "2194"]
[BlackElo "1942"]
[PlyCount "101"]
[EventDate "2018.07.18"]
[EventType "swiss"]
[EventRounds "7"]
[EventCountry "HUN"]
[SourceTitle "EXT 2025"]
[Source "ChessBase"]
[SourceDate "2024.10.14"]
[SourceVersion "1"]
[SourceVersionDate "2024.10.14"]
[SourceQuality "1"]

1. e4 d5 2. exd5 Qxd5 3. Nc3 Qa5 4. d4 Nf6 5. Nf3 Bf5 6. Bc4 Nc6 7. Bd2 0-0-0 8. d5 Nb4 9. Bb3 Qa6 10. Nd4 Bg6 11. Qf3 e6 12. Bg5 Nbxd5 13. Nxd5 exd5 14. 0-0-0 Bc5 15. c3 Be4 16. Qh3+ Kb8 17. f3 Bg6 18. Rhe1 Rhe8 19. Qh4 Bxd4 20. Qxd4 Re6 21. c4 Rde8 22. Rxe6 fxe6 23. Bxf6 gxf6 24. Qxf6 Qc6 25. Rd4 e5 26. Qxc6 bxc6 27. Rg4 d4 28. Kd2 c5 29. Ba4 Re6 30. Rg5 h6 31. Rg3 Kc8 32. Bc2 Bxc2 33. Kxc2 e4 34. fxe4 Rxe4 35. Kd3 Re5 36. Rh3 h5 37. a3 a5 38. b4 axb4 39. axb4 cxb4 40. Kxd4 Rg5 41. c5 Rxg2 42. Rxh5 Rc2 43. Kd5 Kb7 44. Rh4 Rb2 45. Kc4 b3 46. Kc3 Rc2+ 47. Kxb3 Rxc5 48. Re4 Rh5 49. h4 Kc6 50. Kc4 Kd6 51. Kd4 1/2-1/2